Nov. 1621 : a week of Thanksgiving proclaimed by governor Bradford...
Descripción Física:
1 full : il·lustració en color ; 20 x 30 cm
Idioma:
Catalán , English
MARC
| LEADER | 00000nam a2200000 a 4500 | ||
|---|---|---|---|
| 001 | 29074 | ||
| 003 | AGDB | ||
| 005 | 20260324181540.0 | ||
| 008 | 251128b spa||||| |||| 00| 0 cat d | ||
| 040 | |a agdb |b cat | ||
| 041 | |a eng | ||
| 245 | |a Nov. 1621 : a week of Thanksgiving proclaimed by governor Bradford... | ||
| 260 | |a [s.l.] : |b [s.n.], |c [?] | ||
| 300 | |a 1 full : |b il·lustració en color ; |c 20 x 30 cm | ||
| 500 | |a Prové del fons Dolors Canals i Farriols (1913-2010) | ||
| 650 | 0 | |a Fons Dolors Canals i Farriols (1913-2010) |9 72778 | |
| 650 | 0 | |a Thanksgiving Day |z Estats Units d'Amèrica |9 72839 | |
| 942 | |2 udc |c ARXIU |n 1 | ||
| 952 | |0 0 |1 0 |2 udc |4 0 |6 F50327 |7 1 |9 98719 |a Arxiu |b Arxiu |d 2025-11-28 |l 0 |o F-503-27 |p 29074 |r 2025-11-28 13:10:37 |w 2025-11-28 |y ARXIU | ||
| 999 | |c 130449 |d 130449 | ||